000 00650cam a2200229 4500500
005 20260329005206.0
041 _afre
042 _adc
100 1 0 _aEnjalbert, Cédric
_eauthor
245 0 0 _a“Sans filtre”. Les damnés de la mer
260 _c2022.
500 _a12
690 _aDomination
690 _aFilm
690 _aKarl Marx
690 _aNaufrage
690 _aOcéan
690 _aRiches
690 _aRuben Östlund
786 0 _nPhilosophie magazine | 163 | 10 | 2022-10-01 | p. 74-74 | 1951-1787
856 4 1 _uhttps://shs.cairn.info/magazine-philosophie-magazine-2022-10-page-74?lang=fr&redirect-ssocas=7080
999 _c1841163
_d1841163